00768nam a22002057a 450000500170000001000150001702000260003203500140005803700130007208200140008524501040009925000100020326000510021327000470026430000210031170000470033294200280037999900190040795201360042620231201150841.0 aENG-138541 a9788181713926c950.00 aEN-122073 bDBAD/PUB a591.95442 aFaunal Exploration of Sitamata Wildlife Sanctuary Rajasthan/c Edited By Zoological Survey of India aFirst aNew Aliporeb Zoological Survey of Indiac2014 aM-Block, New AliporebNew Aliporee700 053 a158p.c24cm(pbk) a Zoological Survey of IndiaeEditor959205 2ddccENh591.95442mFAU c199387d199387 001040708NFICaVPbVPd2023-12-01eDBAD/PUBg950.00l0o591.95442 FAUpEN-122073r2023-12-01 00:00:00t1v950.00w2023-12-01yEN